000 01239cam a22002771i 4500
003 SA-RiAUC
005 20250701065529.0
008 250624s2006____su g b f00000 ara c
020 _a9960620468
040 _aSA-JeALM
_bara
_cSA-RiAUC
_erda
050 4 _b.A23 2006
082 0 4 _a081
_qSA-RiAUC
090 _a081
_b ع ب ا
100 1 _aالعبادي، علي حسن عبد الله،
_d1352 هجري-
_eمؤلف.
245 1 0 _aنظرات في الأدب والتاريخ والأنساب :
_bوقصائد ومقطعات من شعري /
_cتأليف علي حسن العبادي.
264 1 _aالطائف، السعودية :
_bنادي الطائف الأدبي،
_c2006
300 _a482 صفحة ؛
_c24 سم
336 _aنص
_btxt
_2rdacontent
_3كتاب
337 _aبدون وسيط
_bn
_2rdamedia
338 _aمجلد
_bnc
_2rdacarrier
500 _aاهداء من المؤلف علي حسن العبادي الى الشيخ رحمه الله بتاريخ 5 / 3 / 1431 هـ
504 _aيشتمل على إرجاعات ببليوجرافية.
650 7 _aالمقالات العربية
_zالسعودية
_yقرن 15 هجري
_2aucsh
942 _2ddc
_cBOOK
_n0
949 _aSA-JeALM
_d250624
_uosman123
_n1
999 _c9329
_d9329